000 03020nam a22010937a 4500
003 PE-LiUPU
005 20250813185654.0
008 230526b |||||||| |||| 00| 0 spa d
040 _bspa
_cPE-LiUPU
_dPE-LiUPU
_erda
082 _220
_a370.8509
_bH673
245 _aHistoria de la Educación Peruana :
_bPeríodo Republicano 1821 - 1995 /
_ceditado por Rubén Cabezas Onofrio.
250 _aPrimera edición.
264 _aLima :
_bSan Marcos,
_c1996.
300 _a299 páginas :
_bIlustrado ;
_c20 centímetros.
504 _aBibliografía al final de cada capítulo.
505 _aLa educación colonial y las disposiciones educativas de San Martín y Bolivar: 1821-1827 -- Del caos al despegue: 1827-1845 -- La educación durante los gobiernos de Ramón Castilla -- La educación peruana antes de la guerra con Chile: 1862-1979 -- La educación entre la guerra con Chile y el oncenio: 1879-1930 -- La educación entre la barbarie civilista a la restauración: 1930-1959 -- Visión panorámica de la educación peruana de 1955 y 1968 -- Educación para el nuevo hombre del Perú (1968-1980) -- 1980-1990: Una educación entre la propuesta y el cambio. Notas biográficas de docentes destacados en la educación peruana.
526 _aP202
526 _aP201
526 _aP163
526 _aP162
526 _aP161
526 _aP160
526 _aP148
526 _aP147
526 _aP146
526 _aP145
526 _aP144
526 _aP143
526 _aP142
526 _aP141
526 _aP140
526 _aP139
526 _aP138
526 _aP137
526 _aP136
526 _aP135
526 _aP134
526 _aP133
526 _aP129
526 _aP128
526 _aP127
526 _aP120
526 _aP119
526 _aP118
526 _aP116
526 _aP115
526 _aP114
526 _aP110
526 _aP109
526 _aP108
526 _aP104
526 _aP103
526 _aP102
526 _aP99
526 _aP98
526 _aP97
526 _aP96
526 _aP95
526 _aP93
526 _aP90
526 _aP89
526 _aP88
526 _aP83
526 _aP82
526 _aP62
526 _aP59
526 _aP58
526 _aP57
526 _aP51
526 _aP49
526 _aP48
526 _aP47
526 _aP29
526 _aP24
526 _aP20
526 _aP19
526 _aP17
526 _aP15
526 _aP14
526 _aP12
526 _aP10
526 _aP09
526 _aP08
526 _aP07
526 _aP06
526 _aP05
526 _aP04
526 _aP01
650 0 _aEducación.
_91083
_xHistoria
_zPerú
700 _aCabezas Onofrio, Rubén.
_eeditor.
_91084
942 _2ddc
_cBK
_n0
980 _623148
_aAnálisis Documental EVILA ACOSTA
_81
_gALBERTO SANCHEZ Responsable de Automatización
999 _c61790
_d61790